000 00811nam a2200217 a 4500
001 000036103
005 20200930074858.0
008 111213s2011 dr 000 0 spa d
020 _a9789945864830
040 _aDO-SdBNP
_bspa
_cBNPHU
082 _a342.7293041
_bJ82c
100 1 _aJorge Prats, Eduardo
_917747
245 1 0 _aComentarios a la ley orgánica del tribunal constitucional y de los procedimientos constitucionales /
_cEduardo Jorge Prats.
260 _aSanto Domingo :
_bIUSNOVUM,
_c2011.
300 _a215 p. ;
_c25 cm.
504 _aIncluye referencias bibliográficas.
590 _aInventariado, 2018/ YL
651 4 _aRepública Dominicana
_xDerecho Constitucional
_99303
650 4 _aReformas constitucionales
_zRepública Dominicana
_98313
910 _aValidado. Control de calidad MMOLINA
999 _c35594
_d35594